[Event "IECC CL4-2008.07 email"]
[Site "IECC email"]
[Date "2008.07.07"]
[Round "?"]
[White "Nicolaescu, Nicolae"]
[Black "Raghu, Shyam Sundar"]
[Result "1-0"]
[WhiteElo "1656"]
[BlackElo "1638"]
[PlyCount "77"]
[EventDate "2008.??.??"]
[EventType "tourn (corr)"]
[EventRounds "4"]
[SourceTitle "Corr 2013"]
[Source "ChessBase"]
[SourceDate "2012.11.12"]
[SourceVersion "1"]
[SourceVersionDate "2012.11.12"]
[SourceQuality "1"]
[WhiteTeam "US of America"]
[BlackTeam "Portugal"]
[WhiteTeamCountry "USA"]
[BlackTeamCountry "POR"]

1. e4 e5 2. Nf3 Nc6 3. Bb5 a6 4. Ba4 Nf6 5. 0-0 d6 6. Re1 Be7 7. c3 b5 8. Bb3 Be6 9. d4 Bxb3 10. Qxb3 0-0 11. Nbd2 Nh5 12. Nf1 Kh8 13. Qd5 Qe8 14. dxe5 Na7 15. exd6 Nf6 16. Qd3 cxd6 17. Bf4 Rd8 18. a4 Nd7 19. axb5 Ne5 20. Bxe5 dxe5 21. Qe2 Nxb5 22. Rxa6 Nc7 23. Ra5 f6 24. Ne3 Ne6 25. Nd5 Ng5 26. Nxg5 fxg5 27. b4 Qf7 28. Ra7 Rde8 29. Qe3 Qe6 30. Nc7 Qc6 31. Nxe8 Qxe8 32. Rb1 Rf6 33. Qxg5 Re6 34. Qe3 Qd8 35. Rba1 Rd6 36. Ra8 Rd1+ 37. Rxd1 Qxa8 38. h3 Qxe4 39. Qxe4 1-0

[Event "IECC CL4-2008.07 email"]
[Site "IECC email"]
[Date "2008.07.07"]
[Round "?"]
[White "Raghu, Shyam Sundar"]
[Black "Johnson, Bernard S"]
[Result "0-1"]
[WhiteElo "1635"]
[BlackElo "1778"]
[PlyCount "58"]
[EventDate "2008.??.??"]
[EventType "tourn (corr)"]
[EventRounds "4"]
[SourceTitle "Corr 2013"]
[Source "ChessBase"]
[SourceDate "2012.11.12"]
[SourceVersion "1"]
[SourceVersionDate "2012.11.12"]
[SourceQuality "1"]
[WhiteTeam "Romania"]
[BlackTeam "Italy"]
[WhiteTeamCountry "ROU"]
[BlackTeamCountry "ITA"]

1. e4 c5 2. Nf3 e6 3. d4 cxd4 4. Nxd4 Nc6 5. Nc3 Qc7 6. Be2 a6 7. 0-0 Nf6 8. Be3 Bb4 9. Bd3 0-0 10. Nce2 d5 11. exd5 Nxd5 12. a3 Bd6 13. h3 Nxe3 14. fxe3 Ne7 15. Nf3 Qb6 16. Qd2 Nd5 17. Nfd4 e5 18. c4 exd4 19. cxd5 dxe3 20. Qc2 g6 21. Rae1 Bd7 22. Kh1 Rac8 23. Qd1 Qxb2 24. Rf3 b5 25. Rxe3 Rfe8 26. Ng1 Rxe3 27. Rxe3 Rc1 28. Qf3 Qd4 29. Qf2 Bc5 0-1